<?xml version="1.0" encoding="UTF-8"?><?xml-stylesheet type="text/xsl" href="static/style.xsl"?><OAI-PMH xmlns="http://www.openarchives.org/OAI/2.0/" xmlns:xsi="http://www.w3.org/2001/XMLSchema-instance" xsi:schemaLocation="http://www.openarchives.org/OAI/2.0/ http://www.openarchives.org/OAI/2.0/OAI-PMH.xsd"><responseDate>2026-06-29T22:11:24Z</responseDate><request verb="GetRecord" identifier="oai:riubu.ubu.es:10259/8876" metadataPrefix="marc">https://riubu.ubu.es/oai/request</request><GetRecord><record><header><identifier>oai:riubu.ubu.es:10259/8876</identifier><datestamp>2025-05-12T08:25:53Z</datestamp><setSpec>com_10259_8878</setSpec><setSpec>com_10259_5086</setSpec><setSpec>com_10259_2604</setSpec><setSpec>com_10259_6336</setSpec><setSpec>com_10259_6335</setSpec><setSpec>com_10259.4_106</setSpec><setSpec>com_10259_3830</setSpec><setSpec>col_10259_8879</setSpec><setSpec>col_10259_8877</setSpec><setSpec>col_10259_5497</setSpec><setSpec>col_10259_5684</setSpec></header><metadata><record xmlns="http://www.loc.gov/MARC21/slim" xmlns:doc="http://www.lyncode.com/xoai" xmlns:xsi="http://www.w3.org/2001/XMLSchema-instance" xmlns:dcterms="http://purl.org/dc/terms/" xsi:schemaLocation="http://www.loc.gov/MARC21/slim http://www.loc.gov/standards/marcxml/schema/MARC21slim.xsd">
<leader>00925njm 22002777a 4500</leader>
<datafield tag="042" ind1=" " ind2=" ">
<subfield code="a">dc</subfield>
</datafield>
<datafield tag="720" ind1=" " ind2=" ">
<subfield code="a">Díaz de la Fuente, Silvia</subfield>
<subfield code="e">author</subfield>
</datafield>
<datafield tag="720" ind1=" " ind2=" ">
<subfield code="a">Santos Martín, José Ignacio</subfield>
<subfield code="e">author</subfield>
</datafield>
<datafield tag="720" ind1=" " ind2=" ">
<subfield code="a">Ahedo García, Virginia</subfield>
<subfield code="e">author</subfield>
</datafield>
<datafield tag="720" ind1=" " ind2=" ">
<subfield code="a">Alonso Abad, Mª Pilar</subfield>
<subfield code="e">author</subfield>
</datafield>
<datafield tag="720" ind1=" " ind2=" ">
<subfield code="a">Galán Ordax, José Manuel</subfield>
<subfield code="e">author</subfield>
</datafield>
<datafield tag="260" ind1=" " ind2=" ">
<subfield code="c">2024-04-02</subfield>
</datafield>
<datafield tag="520" ind1=" " ind2=" ">
<subfield code="a">This dataset comprises a comprehensive collection of tweets pertaining to Assets of Cultural Interest along the French Way in Castilla y León, spanning from January 1, 2009, to March 24, 2023. Assembled with the aid of the twarc2 Python package and academic access credentials, the dataset provides raw, unprocessed data for each cultural landmark, featuring a wide array of fields including text, date, language as identified by Twitter, author, number of retweets, and more.</subfield>
</datafield>
<datafield tag="024" ind2=" " ind1="8">
<subfield code="a">Díaz de la Fuente, Silvia; Santos Martín, José Ignacio; Ahedo García, Virginia; Alonso Abad, Mª Pilar; Galán Ordax, José Manuel; 2024; Dataset of Tweets on Assets of Cultural Interest Along the French Way in Castilla y León (2009-2023); RIUBU; http://doi.org/10.71486/azfv-x139</subfield>
</datafield>
<datafield tag="024" ind2=" " ind1="8">
<subfield code="a">http://hdl.handle.net/10259/8876</subfield>
</datafield>
<datafield tag="024" ind2=" " ind1="8">
<subfield code="a">10.71486/azfv-x139</subfield>
</datafield>
<datafield ind1=" " ind2=" " tag="653">
<subfield code="a">Twitter Data</subfield>
</datafield>
<datafield ind1=" " ind2=" " tag="653">
<subfield code="a">Cultural Heritage</subfield>
</datafield>
<datafield ind1=" " ind2=" " tag="653">
<subfield code="a">French Way</subfield>
</datafield>
<datafield ind1=" " ind2=" " tag="653">
<subfield code="a">Social Media Analytics</subfield>
</datafield>
<datafield ind1=" " ind2=" " tag="653">
<subfield code="a">Public Engagement</subfield>
</datafield>
<datafield ind1=" " ind2=" " tag="653">
<subfield code="a">Tourism Trends</subfield>
</datafield>
<datafield ind1=" " ind2=" " tag="653">
<subfield code="a">Community Impact</subfield>
</datafield>
<datafield ind1=" " ind2=" " tag="653">
<subfield code="a">Historical Sites</subfield>
</datafield>
<datafield ind1=" " ind2=" " tag="653">
<subfield code="a">Data Collection</subfield>
</datafield>
<datafield ind1=" " ind2=" " tag="653">
<subfield code="a">Assets of Cultural Interest</subfield>
</datafield>
<datafield ind1=" " ind2=" " tag="653">
<subfield code="a">Linguistic Analysis</subfield>
</datafield>
<datafield ind1=" " ind2=" " tag="653">
<subfield code="a">Real-time Analytics</subfield>
</datafield>
<datafield ind1=" " ind2=" " tag="653">
<subfield code="a">Cultural Promotion</subfield>
</datafield>
<datafield ind1=" " ind2=" " tag="653">
<subfield code="a">Heritage Management</subfield>
</datafield>
<datafield ind1=" " ind2=" " tag="653">
<subfield code="a">Castilla y León</subfield>
</datafield>
<datafield ind1=" " ind2=" " tag="653">
<subfield code="a">Bienes de Interés Cultural</subfield>
</datafield>
<datafield tag="245" ind1="0" ind2="0">
<subfield code="a">Dataset of Tweets on Assets of Cultural Interest Along the French Way in Castilla y León (2009-2023)</subfield>
</datafield>
</record></metadata></record></GetRecord></OAI-PMH>